[Event "Metz op 24th"]
[Site "Metz"]
[Date "2006.04.30"]
[Round "9"]
[White "Klein, Patrick"]
[Black "Billot, Daniel"]
[Result "0-1"]
[WhiteElo "1956"]
[BlackElo "1900"]
[PlyCount "58"]
[EventDate "2006.04.22"]
[EventType "swiss"]
[EventRounds "9"]
[EventCountry "FRA"]
[SourceTitle "EXT 2007"]
[Source "ChessBase"]
[SourceDate "2006.11.23"]
[SourceVersion "1"]
[SourceVersionDate "2006.11.23"]
[SourceQuality "1"]

1. e4 e5 2. Nf3 Nc6 3. d4 exd4 4. Bc4 Bc5 5. c3 Nf6 6. 0-0 d6 7. cxd4 Bb6 8. Bg5 h6 9. Bxf6 Qxf6 10. e5 dxe5 11. dxe5 Qf4 12. Bd5 0-0 13. Bxc6 bxc6 14. Qc1 Qg4 15. Qxc6 Rb8 16. Nbd2 Rd8 17. Qe4 Qh5 18. Rad1 Ba6 19. Rfe1 Bd3 20. Qh4 Qxh4 21. Nxh4 Bc2 22. Nhf3 Bxd1 23. Rxd1 Rd3 24. Rc1 Rbd8 25. Rc4 Rxd2 26. Nxd2 Rxd2 27. h3 Rxf2 28. Kh2 Rxb2 29. a4 Re2 0-1

[Event "Paris Apsap op 70th"]
[Site "Paris"]
[Date "2004.02.22"]
[Round "2"]
[White "Klein, Patrick"]
[Black "Beghin, Ronan"]
[Result "0-1"]
[WhiteElo "1996"]
[BlackElo "2129"]
[PlyCount "70"]
[EventDate "2004.02.25"]
[EventType "swiss"]
[EventRounds "7"]
[EventCountry "FRA"]
[SourceTitle "EXT 2005"]
[Source "ChessBase"]
[SourceDate "2004.11.15"]
[SourceVersion "1"]
[SourceVersionDate "2004.11.15"]
[SourceQuality "1"]

1. e4 c5 2. Nc3 Nc6 3. f4 g6 4. Nf3 Bg7 5. Bc4 d6 6. a4 e6 7. d3 Nge7 8. Bb3 Rb8 9. 0-0 a6 10. Be3 b5 11. axb5 axb5 12. Qe1 Na5 13. Ba2 b4 14. Nd1 b3 15. Bb1 bxc2 16. Bxc2 Nec6 17. f5 0-0 18. fxg6 fxg6 19. Bg5 Qc7 20. Qh4 Nb3 21. Rb1 Ncd4 22. Bxb3 Rxb3 23. Nc3 Ba6 24. Nxd4 Bxd4+ 25. Kh1 Bxd3 26. Rxf8+ Kxf8 27. Ra1 Rb8 28. Qh3 Bc4 29. Nd5 exd5 30. exd5 Bxd5 31. Rf1+ Kg8 32. Re1 Rf8 33. Bh6 Bg7 34. Bg5 Qf7 35. Qd3 Bxg2+ 0-1

[Event "Syre Memorial op 26th"]
[Site "Issy les Moulineaux"]
[Date "2003.05.29"]
[Round "1.29"]
[White "Klein, Patrick"]
[Black "Slavkov, Ivan"]
[Result "0-1"]
[WhiteElo "2055"]
[BlackElo "2176"]
[PlyCount "42"]
[EventDate "2003.05.29"]
[EventType "swiss"]
[EventRounds "6"]
[EventCountry "FRA"]
[SourceTitle "CBM 094 Extra"]
[Source "ChessBase"]
[SourceDate "2003.07.09"]
[SourceVersion "2"]
[SourceVersionDate "2003.07.09"]
[SourceQuality "1"]

1. e4 c6 2. f4 d5 3. e5 Bf5 4. Nf3 e6 5. d4 Nd7 6. Bd3 Bxd3 7. Qxd3 Ne7 8. Ng5 Qb6 9. c3 c5 10. Nxh7 cxd4 11. cxd4 Nf5 12. Nxf8 Kxf8 13. Qa3+ Kg8 14. Nc3 Qxd4 15. Ne2 Qe4 16. Kf2 Rc8 17. Bd2 Rc2 18. Rad1 Nc5 19. Qa5 b6 20. Qb5 Nd3+ 21. Kf1 Rxd2 0-1

[Event "Agneaux St Lo FIDE 07th"]
[Site "Agneaux"]
[Date "2002.07.12"]
[Round "4"]
[White "Klein, Patrick"]
[Black "Boizante, Yvain"]
[Result "0-1"]
[WhiteElo "1960"]
[BlackElo "2150"]
[PlyCount "104"]
[EventDate "2002.07.09"]
[EventType "tourn"]
[EventRounds "9"]
[EventCountry "FRA"]
[SourceTitle "EXT 2003"]
[Source "ChessBase"]
[SourceDate "2002.11.25"]
[SourceVersion "1"]
[SourceVersionDate "2002.11.25"]
[SourceQuality "1"]

1. e4 c5 2. Nc3 g6 3. g3 Bg7 4. Bg2 Nc6 5. d3 e6 6. Nge2 Nge7 7. Be3 b6 8. Qd2 d5 9. Bh6 Bxh6 10. Qxh6 Nb4 11. Qd2 d4 12. Nd1 Nbc6 13. f4 Bb7 14. Nf2 f5 15. g4 Qd7 16. a3 0-0-0 17. 0-0-0 e5 18. Bh3 Qe6 19. Kb1 Qf6 20. gxf5 gxf5 21. exf5 Nd5 22. Rde1 Qh4 23. Ng3 exf4 24. Nge4 Ne3 25. b4 Ne5 26. Rc1 Bxe4 27. Nxe4 Qxh3 28. bxc5 Nd5 29. Nd6+ Kb8 30. Ka1 bxc5 31. Rb1+ Ka8 32. Nb5 Nc6 33. Qxf4 Rd7 34. Qe4 Rc8 35. Rhg1 Qxh2 36. Qe6 Nb6 37. f6 Qe5 38. Rge1 Qxe6 39. Rxe6 Nd5 40. Rf1 Nd8 41. Re8 Kb8 42. Rf5 a6 43. f7 Nxf7 44. Rxf7 Rxf7 45. Rxc8+ Kxc8 46. Nd6+ Kd7 47. Nxf7 h5 48. Ng5 Nc3 49. Kb2 h4 50. Kb3 a5 51. Kc4 Kc6 52. Nh3 a4 0-1

[Event "Agneaux St Lo FIDE 07th"]
[Site "Agneaux"]
[Date "2002.07.10"]
[Round "2"]
[White "Klein, Patrick"]
[Black "Carmes, Mickael"]
[Result "0-1"]
[WhiteElo "1960"]
[BlackElo "2131"]
[PlyCount "98"]
[EventDate "2002.07.09"]
[EventType "tourn"]
[EventRounds "9"]
[EventCountry "FRA"]
[SourceTitle "EXT 2003"]
[Source "ChessBase"]
[SourceDate "2002.11.25"]
[SourceVersion "1"]
[SourceVersionDate "2002.11.25"]
[SourceQuality "1"]

1. e4 c5 2. Nc3 Nc6 3. f4 g6 4. Nf3 Bg7 5. Bc4 e6 6. d3 Nge7 7. 0-0 d5 8. Bb3 0-0 9. a3 a6 10. Qe1 b5 11. Qg3 c4 12. Ba2 dxe4 13. Nxe4 cxd3 14. c3 Qb6+ 15. Kh1 Nf5 16. Qh3 h6 17. Ne5 Nxe5 18. fxe5 Bxe5 19. Bxh6 Bg7 20. Bg5 e5 21. Qxd3 Bb7 22. Rad1 Qc6 23. Rde1 a5 24. h4 Bc8 25. Bd5 Qd7 26. Nf6+ Bxf6 27. Bxf6 Bb7 28. Rxe5 Bxd5 29. Rxd5 Ng3+ 30. Kg1 Qe6 31. Re5 Qb6+ 32. Rf2 Nh1 33. Ree2 Nxf2 34. Rxf2 Rfe8 35. Bd4 Re1+ 36. Rf1 Qe6 37. Qxb5 Re8 38. b4 axb4 39. axb4 Qe4 40. Bf2 Re2 41. h5 Ra8 42. hxg6 fxg6 43. Rd1 Rxf2 44. Qd5+ Qxd5 45. Rxd5 Rc2 46. Rc5 Ra1+ 47. Kh2 Rac1 48. b5 Rxc3 49. Rg5 Kg7 0-1

[Event "FRA-chT3"]
[Site "Maisons Alfort"]
[Date "2001.04.01"]
[Round "9.5"]
[White "Caudiu, Eric"]
[Black "Klein, Patrick"]
[Result "1-0"]
[WhiteElo "1730"]
[BlackElo "2000"]
[PlyCount "79"]
[EventDate "2001.03.31"]
[EventType "team"]
[EventRounds "9"]
[EventCountry "FRA"]
[SourceTitle "EXT 2003"]
[Source "ChessBase"]
[SourceDate "2002.11.25"]
[SourceVersion "1"]
[SourceVersionDate "2002.11.25"]
[SourceQuality "1"]

1. d4 f5 2. c4 Nf6 3. Nc3 e6 4. Nf3 d5 5. g3 c6 6. Bg2 Bd6 7. c5 Bc7 8. 0-0 a5 9. Rb1 0-0 10. a3 Nbd7 11. Bf4 Bxf4 12. gxf4 Ne4 13. Qc2 Qe8 14. e3 h6 15. Kh1 Qh5 16. Rg1 Ndf6 17. Ne5 Kh7 18. Bf3 Qh4 19. Bxe4 Nxe4 20. Nxe4 dxe4 21. Ng6 Qf6 22. Nxf8+ Qxf8 23. Rg2 Bd7 24. Rbg1 Be8 25. Qb3 Bh5 26. Rxg7+ Kh8 27. R1g3 Bf3+ 28. Kg1 Qc8 29. R7g6 Kh7 30. Qxe6 Qxe6 31. Rxe6 Rb8 32. Re7+ Kh8 33. Rgg7 b6 34. cxb6 Rxb6 35. Rb7 Ra6 36. Rg6 h5 37. d5 Ra8 38. dxc6 Rd8 39. Rd7 Rb8 40. c7 1-0